| 000 | 00674nam a22001817a 4500 | ||
|---|---|---|---|
| 999 |
_c141676 _d141676 |
||
| 010 | _a1718CH-EN ENG-136335 | ||
| 020 |
_a9780143334491 _c150.00 |
||
| 035 | _aB-673244-253 EN-119867 | ||
| 037 |
_aDPL _bBSB |
||
| 082 | _aS | ||
| 100 | _aRay's Satyajit | ||
| 245 |
_aThe adventures of feluda: _cby Satyajit Ray _bthe house of death / |
||
| 260 |
_aGurgaon _bPuffin Book _c2016 |
||
| 270 |
_a7th Floor, Infinity Tower C, DLF Cyber City, _bGurgaon _e122002 |
||
| 300 |
_a95p. _c19cm(pbk) |
||
| 942 |
_2ddc _cCH _mRAY _hS |
||